000 01012cab a2200289 4500
001 ABS53362
008 090401t1995 xxu||||| |||| 00| 0 eng d
035 _a(Sirsi) u3746
041 _aeng
100 _aBingham, T.
245 _aTrusting in the new NEC
260 _c1995
350 _a0
490 _aBuilding
_v260(7904) 11 August 1995, 25(1)
520 _aThe "Engineering and Construction Contract" (replacing the New Engineering Contract" covering building as well as civil engineering contracts incorporates a trust fund offering greater financial security to contractors and sub-contractors.
650 _aBUILT ENVIRONMENT-BUILDING CONTRACT FORMS
650 _aCIVIL ENGINEERING
650 _aENGINEERING AND CONSTRUCTION CONTRACT
650 _aInsolvency
_96247
650 _aMAIN CONTRACTORS
650 _aNEW ENGINEERING CONTRACT
650 _aSUBCONTRACTORS
650 _aTRUST FUND
690 _aBUILT ENVIRONMENT-BUILDING CONTRACT FORMS
942 _n0
948 _c04/03/1997
999 _c2285
_d2285